00383nam a2200145 a 45000010005000000030009000050080041000140400028000550820014000832450044000972600032001413000013001734900034001866500017002202801CO-ViMGA141112s2004 ck r 000 u spa d aCO-ViMGAbspacCO-ViMGA04aR036 A53110aAlfanauta : bdiccionario enciclopedico aBarcelona : bNauta, c1995 a6 v : il aPrograma educativo temático14aENCICLOPEDIA